000 01621nam1a2200313 i 4500
001 RU\NLR\bibl\259225
005 20260406074446.0
035 _a(NLR Aleph) 000254941
090 _a1488274
_c1488274
100 _a20020506g20019999k y0rusy50 ca
101 0 _arus
_deng
102 _aRU
105 _ay |||||||||
200 1 _aОб одном численном методе без насыщения решения краевой задаче на отрезке
_fМ.Б. Гавриков, М.С. Михайлова
210 _aМ.
_cИПМ
_d2001
215 _d21
225 1 _aПрепринт
_fИн-т прикл. математики Рос. акад. наук
_v...
463 0 _1001253282
606 _aДифференциальные уравнения второго порядка
_xКраевые задачи
_xЧисленные решения
_92042350
_3RU\NLR\auth\661225703
606 _aДифференциальные уравнения второго порядка
_xКраевые задачи
_xРешение
_xЧисленные методы
_92237606
_3RU\NLR\auth\661342809
686 _aВ192.162
700 1 _4070
_8rus
_7ca
_aГавриков
_bМ. Б.
_cканд. физ.-мат. наук
_f1952-
_gМихаил Борисович
_3RU\NLR\AUTH\7734628
_917631
701 1 _4070
_8rus
_7ca
_aМихайлова
_bМ. С.
_cспец. в обл. мат. физики
_gМаргарита Станиславовна
_3RU\NLR\auth\7734635
_917638
801 0 _aRU
_bNLR
_c20020506
_gPSBO
801 1 _aRU
_bNLR
_c20020506
852 _aNLR
_j2002-4/4276
942 _cBOOK